Practical criticism : (Record no. 8931)
[ view plain ]
| 000 -LEADER | |
|---|---|
| fixed length control field | 01108pam a22003014a 4500 |
| 001 - CONTROL NUMBER | |
| JCCL Control Number | 8931 |
| 003 - CONTROL NUMBER IDENTIFIER | |
| JCCL marc code | BD-JhCC |
| 005 - DATE AND TIME OF LATEST TRANSACTION | |
| control field | 20180305191636.0 |
| 008 - FIXED-LENGTH DATA ELEMENTS--GENERAL INFORMATION | |
| fixed length control field | 040706r20041929nju b 001 0 eng |
| 020 ## - INTERNATIONAL STANDARD BOOK NUMBER | |
| International Standard Book Number | 0765808439 (alk. paper) |
| 035 ## - SYSTEM CONTROL NUMBER | |
| system control number | (BD-JhCC)8931 |
| 040 ## - CATALOGING SOURCE | |
| Original cataloging agency | DLC |
| Transcribing agency | DLC |
| Modifying agency | YDX |
| -- | UKM |
| -- | MYG |
| -- | OrLoB-B |
| -- | BD-JhCC |
| 041 ## - LANGUAGE CODE | |
| Language code of Book | eng |
| 050 00 - LIBRARY OF CONGRESS CALL NUMBER | |
| Classification number | PN1031.R48 2004 |
| 082 00 - DEWEY DECIMAL CLASSIFICATION NUMBER | |
| Classification number | 808.1 |
| DDC Edition number | 22 |
| Author mark and Year | RIC 1929 |
| 100 1# - MAIN ENTRY--PERSONAL NAME | |
| Personal name | Richards, I. A. |
| Fuller form of name | (Ivor Armstrong), |
| Dates associated with a name | 1893-1979. |
| 245 10 - TITLE STATEMENT | |
| Title | Practical criticism : |
| Remainder of title | a study of literary judgment / |
| Statement of responsibility, etc | I.A. Richards ; with a new introduction by Richard Hoggart. |
| 260 ## - PUBLICATION, DISTRIBUTION, ETC. (IMPRINT) | |
| Place of publication, distribution, etc | New Brunswick, N.J. : |
| Name of publisher, distributor, etc | Transaction Publishers, |
| Date of publication, distribution, etc | c2004. |
| 300 ## - PHYSICAL DESCRIPTION | |
| Pagination | xviii, 362 p. ; |
| Dimensions | 23 cm. |
| 500 ## - GENERAL NOTE | |
| General note | Originally published: London : Kegan Paul, 1929. |
| 504 ## - BIBLIOGRAPHY, ETC. NOTE | |
| Bibliography, etc | Includes bibliographical references and index. |
| 505 00 - FORMATTED CONTENTS NOTE | |
| Title | Introductory -- |
| -- | Documentation -- |
| -- | Analysis -- |
| -- | Summary and recommendations. |
| 650 #0 - SUBJECT ADDED ENTRY--TOPICAL TERM | |
| Topical term or geographic name as entry element | Poetry |
| General subdivision | History and criticism. |
| 650 #0 - SUBJECT ADDED ENTRY--TOPICAL TERM | |
| Topical term or geographic name as entry element | Criticism. |
| 942 ## - ADDED ENTRY ELEMENTS (KOHA) | |
| Source of classification or shelving scheme | Dewey Decimal Classification |
| Koha item type | Books |
| 949 #0 - LOCAL PROCESSING INFORMATION (OCLC) | |
| 4 | IP |
| a | h |
| b | HUM |
| c | STACK |
| o | 0 |
| p | 39080028034103 |
| x | 01 |
| h | PN1031.R48 2004 |
| Source of classification or shelving scheme | Damaged status | Not for loan | Home library | Current library | Shelving location | Total Checkouts | Full call number | Barcode | Date last seen | Copy number | Koha item type |
|---|---|---|---|---|---|---|---|---|---|---|---|
| Dewey Decimal Classification | JCC Rouf Library | JCC Rouf Library | General Stacks | 808.1 RIC 1929 | 11934 | 03/05/2018 | C - 1 | Books |